000
00236nam a2200097Ia 4500
008
230907s9999||||xx |||||||||||||| ||und||
082
_a
333.79,GLO
245
0
_a
Global energy policy and security /
300
_a
viii,330p.:
942
_c
BK
999
_c
597775
_d
597775